<?xml version="1.0" encoding="UTF-8"?>
<record
    xmlns:xsi="http://www.w3.org/2001/XMLSchema-instance"
    xsi:schemaLocation="http://www.loc.gov/MARC21/slim http://www.loc.gov/standards/marcxml/schema/MARC21slim.xsd"
    xmlns="http://www.loc.gov/MARC21/slim">

  <leader>00802nam a22001817a 4500</leader>
  <datafield tag="952" ind1=" " ind2=" ">
    <subfield code="0">0</subfield>
    <subfield code="1">0</subfield>
    <subfield code="2">lcc</subfield>
    <subfield code="4">0</subfield>
    <subfield code="7">0</subfield>
    <subfield code="a">08</subfield>
    <subfield code="b">08</subfield>
    <subfield code="d">2014-09-09</subfield>
    <subfield code="l">3</subfield>
    <subfield code="o">KGF2817 UR76 2006</subfield>
    <subfield code="p">08 005073</subfield>
    <subfield code="r">2016-10-11</subfield>
    <subfield code="s">2016-10-11</subfield>
    <subfield code="t">1</subfield>
    <subfield code="w">2014-09-09</subfield>
    <subfield code="y">LB</subfield>
  </datafield>
  <datafield tag="999" ind1=" " ind2=" ">
    <subfield code="c">93945</subfield>
    <subfield code="d">93945</subfield>
  </datafield>
  <controlfield tag="008">140909s2006    mx ||||| |||| 00| 0 spa d</controlfield>
  <datafield tag="020" ind1=" " ind2=" ">
    <subfield code="a">9700767329</subfield>
  </datafield>
  <datafield tag="050" ind1=" " ind2=" ">
    <subfield code="a">KGF2817</subfield>
    <subfield code="b">UR76 2006</subfield>
  </datafield>
  <datafield tag="100" ind1="1" ind2="0">
    <subfield code="a">Uribarri Carpintero, Gonzalo </subfield>
    <subfield code="e"> , autor </subfield>
  </datafield>
  <datafield tag="245" ind1="1" ind2="3">
    <subfield code="a">Derecho arbitral mexicano</subfield>
    <subfield code="c">/ Gonzalo Uribarri Carpintero</subfield>
  </datafield>
  <datafield tag="260" ind1=" " ind2=" ">
    <subfield code="a">M&#xE9;xico</subfield>
    <subfield code="b">: Editorial Porr&#xFA;a</subfield>
    <subfield code="c">, 2006</subfield>
  </datafield>
  <datafield tag="300" ind1=" " ind2=" ">
    <subfield code="a">x, 333 p&#xE1;ginas</subfield>
  </datafield>
  <datafield tag="504" ind1=" " ind2=" ">
    <subfield code="a">Bibliograf&#xED;a (pp. 321-325)</subfield>
  </datafield>
  <datafield tag="505" ind1=" " ind2=" ">
    <subfield code="a">La soluci&#xF3;n de controversias
El arbitraje
Las nuevas tendencias de resoluci&#xF3;n de controversias derivadas de los avances en los medios de comunicaci&#xF3;n e informaci&#xF3;n: el arbitraje virtual
</subfield>
  </datafield>
  <datafield tag="519" ind1=" " ind2=" ">
    <subfield code="a">Educaci&#xF3;n Mixta /</subfield>
    <subfield code="b">Derecho /</subfield>
    <subfield code="c">Medios alternativos de soluci&#xF3;n de controversias (P26-3) /</subfield>
    <subfield code="d">(08 005073)</subfield>
  </datafield>
  <datafield tag="650" ind1="1" ind2="0">
    <subfield code="a">ARBITRAJE </subfield>
  </datafield>
  <datafield tag="942" ind1=" " ind2=" ">
    <subfield code="c">LB</subfield>
  </datafield>
</record>
